| 000 | 00682cam a22002291 4500 | ||
|---|---|---|---|
| 001 | ne 68002054 | ||
| 003 | DLC | ||
| 005 | 20260227111842.0 | ||
| 008 | 890911s1965 xx 000 0 ara | ||
| 010 | _ane 68002054 | ||
| 035 | _a(OCoLC)23493066 | ||
| 040 |
_aDLC _cMiU _dDLC |
||
| 042 | _apremarc | ||
| 050 | 0 | 0 |
_aG108.A7 _bU4 |
| 110 | 1 |
_aUnited Arab Republic. _bal-Majlis al-Aʻlā li-Riʻāyat al-Funūn wa-al-Ādāb wa-al-ʻUlūm al-Ijtimāʻīyah. |
|
| 245 | 1 | 3 | _aal-Muṣṭalaḅāt al-Jughrāfiyah. |
| 260 | _c1965 | ||
| 300 |
_a13, 138 p. _c24 cm. |
||
| 490 | 0 | _a# | |
| 650 | 0 |
_aGeography _xDictionaries _xArabic. |
|
| 650 | 0 |
_aEnglish language _xDictionaries _xArabic. |
|
| 999 |
_c50425 _d50425 |
||